000 00442nam a2200109Ia 4500
008 180412s9999||||xx |||||||||||||| ||und||
040 _aAhmadu Bello University Library - Zaria
100 _aMANN, W. N.
245 0 _aConybeare's textbook of medicine
_cW.N. Mann, M.H.Lessof.
260 _bLivingstone; Edinburgh.
_c1970
300 _axii, 933p.; ill.
600 _aClinical medicine. Minor medicine. Aids to medical practice, techniques in hospital and private practice, etc.
999 _c494
_d494